Separation and reunion in modern China

In this distinctive book, Charles Stafford describes the Chinese fascination with separation and reunion. Drawing on his field studies in Taiwan and mainland China, he gives a vivid account of festivals of reunion, rituals for the sending-off of gods, silent leave-takings, poetic words of parting, a...

Disgrifiad llawn

Wedi'i Gadw mewn:
Manylion Llyfryddiaeth
Prif Awdur: Stafford, Charles
Fformat: Llyfr
Iaith:Undetermined
Cyhoeddwyd: Cambridge Cambridge University Press 2000
Pynciau:
Tagiau: Ychwanegu Tag
Dim Tagiau, Byddwch y cyntaf i dagio'r cofnod hwn!
Thư viện lưu trữ: Trung tâm Học liệu Trường Đại học Cần Thơ
LEADER 01246nam a2200217Ia 4500
001 CTU_172853
008 210402s9999 xx 000 0 und d
020 |c 42.00 
082 |a 302.1 
082 |b S779 
100 |a Stafford, Charles 
245 0 |a Separation and reunion in modern China 
245 0 |c Charles Stafford 
260 |a Cambridge 
260 |b Cambridge University Press 
260 |c 2000 
520 |a In this distinctive book, Charles Stafford describes the Chinese fascination with separation and reunion. Drawing on his field studies in Taiwan and mainland China, he gives a vivid account of festivals of reunion, rituals for the sending-off of gods, silent leave-takings, poetic words of parting, and bitter political rhetoric. Stafford examines how these idioms and practices help people situate themselves in historical communities, and how they are deployed in official Chinese rhetoric concerning Taiwan. The discussion of these everyday rituals offers rich insights into Chinese and Taiwanese society and culture. 
650 |a China,Trung Quốc 
650 |x Social life and customs,Đời sống xã hội và phong tục 
904 |i Qhieu 
980 |a Trung tâm Học liệu Trường Đại học Cần Thơ